000 00618nam a2200241Ia 4500
003 OSt
005 20220918220443.0
006 a|||||r|||| 00| 0
007 ta
008 220917b |||||||| |||| 00| 0 eng d
024 _a146,092
037 _cTextual
040 _aARTS
_cARTS
_beng
041 _2eng
_aeng
082 _aY7654:3, K6 (906)
100 _aBasden G T
_9137531
245 0 _aNiger Ibos
260 _aLondon
_bFrank Cass
_c1966
300 _axxxii 456p illus
_ccm.
650 _aSOCIOLOGY
942 _hY7654:3, K6 (906)
_cTEXL
_2CC
999 _c268848
_d268848